00911cam a2200241 a 45000010009000000050017000090080041000260200028000670500021000950820014001161000024001302450060001542500012002142600047002263000034002736500027003076500024003348560085003588560073004439420015005169990015005319520123005461181877020241112090619.0991025s2000 maua b 001 0 eng  a0256230722 (alk. paper)00aTS155b.H46 200000a658.52211 aHill, Terry,d1940-10aManufacturing strategy :btext and cases /cTerry Hill. a3rd ed. aBoston, Mass. :bIrwin/McGraw-Hill,c2000. axii, 588 p. :bill. ;c24 cm. 0aProduction management. 0aStrategic planning.423Publisher descriptionuhttp://www.loc.gov/catdir/description/mh023/99068272.html413Table of contentsuhttp://www.loc.gov/catdir/toc/mh023/99068272.html 2lcccBKn0 c1041d1041 00102lcc40708NFICaCUL1bCUL1cGENd2024-11-12l0oTS155 HILpulct00000268r2024-11-12 09:10:35t1w2024-11-12yBK